000 00825nam a22002297a 4500
999 _c65371
_d65371
005 20240530110821.0
008 190711s2018 ua a g 000 0 ara d
017 _a2018/21188
_bمصر. دار الكتب
020 _a9789773833448
040 _aEG-CaGPL
_cEG-CaGPL
082 0 4 _221
_a616.89142 /
_bأ م
100 0 _aاحمد عبدالحليم
245 1 2 _aالمرجع العملى فى اعداد اخصائى تعديل السلوك /
_cاحمد عبدالحليم
250 _aط.1
260 _aالقاهرة :
_bايتراك للطباعة و النشر و التوزيع،
_c2018 .
300 _a227 ص. ؛
_c24 سم.
650 0 7 _2qrmak
_aالسلوك
_xتقويم
650 0 7 _aتعديل السلوك
_2qrmak
651 _2qrmak
942 _2ddc
_cBK